Formula E 2025-26 drivers as anagrams - Statistics

General Stats
  • This quiz has been taken 8 times
  • The average score is 15 of 20
Answer Stats
Hint Answer % Correct
Nicer AJ revenge Jean-Éric Vergne
100%
Garlics Saudis Lucas di Grassi
100%
Coins loafed taxation Antonio Felix da Costa
80%
Dunk mit cat Dan Ticktum
80%
Matador aero rod Edoardo Mortara
80%
Ski acid sync Nick Cassidy
80%
Allow nod river Oliver Rowland
80%
Encipher all saw Pascal Wehrlein
80%
Team piper Pepe Marti
80%
Anubis bites me Sebastien Buemi
80%
Narrator badly Taylor Barnard
80%
Namely ozena Zane Maloney
80%
Chile forgive pud Felipe Drugovich
60%
NJ knee said Jake Dennis
60%
Insole jokers Joel Eriksson
60%
Multi airman hexing Maximillian Gunther
60%
Van chemist Mitch Evans
60%
Column lire Nico Müller
60%
Not an Roman Norman Nato
60%
Rednecks ivy Nyck de Vries
60%
No matching quizzes found
Score Distribution
Percent of People with Each Score
Percentile by Number Answered
Your Score History
You have not taken this quiz